000
00286nam a22001337a 4500
008
170215b xxu||||| |||| 00| 0 eng d
020
_a
9781609787608
041
_a
eng
080
_2
2ND
_a
61
100
_a
4
101
_a
SHM
245
_a
USMLE STEP 2 CK
_c
FISCHER, C
942
_2
udc
_c
BK
999
_c
5569
_d
5569